| 000 | 00613nam a22002177a 4500 | ||
|---|---|---|---|
| 999 |
_c16135 _d16135 |
||
| 003 | AR-CdUCM | ||
| 008 | 190306b ||||| |||| 00| 0 spa d | ||
| 040 |
_aMUNICIPALIDAD PROVINCIAL DEL CUSCO _cBIBLIOTECA MUNICIPAL DEL CUSCO |
||
| 082 |
_a808.83 / _bC65 |
||
| 100 |
_aCisneros Barrios, Luis _94032 |
||
| 245 |
_aLa garza ausente : _bnovela / |
||
| 260 | _c1999. | ||
| 300 |
_a208 páginas ; _c23 cm. |
||
| 505 | _aNovelas | ||
| 650 |
_aNovela _95 |
||
| 650 |
_aLiteratura Peruana _9132 |
||
| 650 |
_aSiglo XX _98 |
||
| 700 |
_aLombardo, Mautino _935423 |
||
| 942 |
_2ddc _cLIBROS |
||
| 945 |
_apjha _d2019-05-02 |
||